[Event "Copenhagen Chess Challenge 2018"]
[Site "Ballerup"]
[Date "2018.04.25"]
[Round "1"]
[White "Thorsbro, Peter"]
[Black "Urkedal, Frode Olav Olsen"]
[Result "0-1"]
[WhiteElo "2144"]
[BlackElo "2560"]
[EventDate "2018.04.25"]
[EventRounds "9"]
[EventCountry "Danmark"]
[WhiteFideId "1406671"]
[BlackFideId "1506102"]

1. d4 Nf6 2. c4 e6 3. Nc3 Bb4 4. Qc2 b6 5. a3 Bxc3+ 6. Qxc3 Bb7 7. Bg5 d6 8. e3 Nbd7 9. Ne2 h6 10. Bh4 g5 11. Bg3 Ne4 12. Qc2 f5 13. f3 Nxg3 14. hxg3 Qf6 15. Nc3 O-O-O 16. O-O-O Kb8 17. Kb1 h5 18. Bd3 h4 19. gxh4 gxh4 20. d5 Nc5 21. dxe6 Qxe6 22. Bxf5 Qxe3 23. Rhe1 Qg5 24. Nd5 Bc6 25. Nc3 Rhe8 26. b4 Bd7 27. Rxe8 Rxe8 28. Bg6 Re6 29. Bf7 Re7 30. bxc5 Bf5 31. Ne4 Bxe4 32. fxe4 Rxf7 33. cxd6 cxd6 34. Rxd6 Qe3 35. Qd3 Qg1+  0-1

[Event "Copenhagen Chess Challenge 2018"]
[Site "Ballerup"]
[Date "2018.04.25"]
[Round "1"]
[White "Hector, Jonny"]
[Black "Eriksson, Christian Altenburg"]
[Result "1-0"]
[WhiteElo "2502"]
[BlackElo "2136"]
[EventDate "2018.04.25"]
[EventRounds "9"]
[EventCountry "Danmark"]
[WhiteFideId "1700090"]
[BlackFideId "1412159"]

1. e4 c5 2. Nf3 Nc6 3. Nc3 Nf6 4. Bb5 g6 5. e5 Ng4 6. Bxc6 dxc6 7. h3 Nh6 8. g4 Bg7 9. d3 O-O 10. Bf4 f6 11. Qe2 Qa5 12. Nd2 f5 13. g5 Nf7 14. Nb3 Qd8 15. O-O-O a5 16. d4 c4 17. Qxc4 a4 18. Nc5 b5 19. Qe2 Qb6 20. Qe3 e6 21. h4 Re8 22. h5 Nd8 23. hxg6 hxg6 24. Rh4 Kf7 25. Rh7 Rg8 26. Bg3 Nb7 27. N3e4 fxe4 28. Qf4+ Ke8 29. Nxe4 Rf8 30. Nf6+ Bxf6 31. exf6 Nd8 32. Re7#  1-0

[Event "Copenhagen Chess Challenge 2018"]
[Site "Ballerup"]
[Date "2018.04.25"]
[Round "1"]
[White "Andersen, Lars Ren"]
[Black "Danielsen, Henrik"]
[Result "1/2-1/2"]
[WhiteElo "2116"]
[BlackElo "2500"]
[EventDate "2018.04.25"]
[EventRounds "9"]
[EventCountry "Danmark"]
[WhiteFideId "1404792"]
[BlackFideId "1400185"]

1. d4 d6 2. c4 Nf6 3. Nc3 g6 4. e4 Bg7 5. f3 e5 6. Nge2 c6 7. Be3 O-O 8. d5 a6 9. Ng3 h5 10. Bd3 Nbd7 11. O-O cxd5 12. cxd5 Nh7 13. Qd2 Bf6 14. Nge2 Bg5 15. Bxg5 Nxg5 16. Qe3 Nc5 17. Bc2 a5 18. b3 Bd7 19. a3 Qb6 20. Kh1 Nh7 21. Rab1 Rfc8 22. h3 Be8 23. Bd3 Qd8 24. Bc2 Qg5 25. Qxg5 Nxg5 26. h4 Nh7 27. Ra1 Kf8 28. Kg1 Nf6 29. Kf2 Ke7 30. Ke3 Nfd7 31. b4 axb4 32. axb4 Rxa1 33. Rxa1 Na6 34. Rb1 Nb6 35. Bd3 Nc4+ 36. Bxc4 Rxc4 37. Na2 f5 38. Rc1 f4+ 39. Kf2 Bb5 40. Nec3 Rd4 41. Nxb5 Rd2+ 42. Kf1 Rxa2 43. Rc8 Rb2 44. Rg8 Rxb4 45. Rg7+ Kf8 46. Rxb7 Nc5 47. Rb8+ Kg7 48. Kg1 Rb2 49. Rb6 Kh6 50. Kh1 Nd3 51. Rb7 Rb1+ 52. Kh2 Nc5 53. Rb8 Kh7 54. Rb6 Rb2 55. Rb8 Kh6 56. Rh8+ Kg7 57. Rb8 Kh7 58. Rb6 Kh6 59. Rb8 Rb1 60. Rb6 Kh7 61. Rb8 Kg7 62. Rb6 Rb2 63. Rb8 Kh7 64. Rb6 Kh6 65. Rb8 Nd3 66. Rb7 Nc5 67. Rb8 Rb1 68. Rb6 Kg7 69. Rb8 g5 70. hxg5 Kh7 71. Rb6 Rb2 72. Rb8 Kg6 73. Rg8+ Kf7 74. Rb8 Kg7 75. Rb6 Rb3 76. Kg1 Rb2 77. Rb8 Kh7 78. Kh2 Rb1 79. Rb6 Kg7 80. Rb8 Kg6 81. Rg8+ Kh7 82. Rb8 Kg6 83. Rg8+ Kh7 84. Rb8 Kg6 85. Rg8+ Kh7  1/2-1/2

[Event "Copenhagen Chess Challenge 2018"]
[Site "Ballerup"]
[Date "2018.04.25"]
[Round "1"]
[White "Thybo, Jesper Sondergaard"]
[Black "Rishovd, Svein"]
[Result "1-0"]
[WhiteElo "2473"]
[BlackElo "2110"]
[EventDate "2018.04.25"]
[EventRounds "9"]
[EventCountry "Danmark"]
[WhiteFideId "1438832"]
[BlackFideId "1513060"]

1. d4 d5 2. Nf3 Nf6 3. c4 e6 4. Nc3 Bb4 5. Qb3 c5 6. dxc5 Nc6 7. Bg5 d4 8. O-O-O Bxc5 9. e3 h6 10. Bxf6 gxf6 11. Qb5 Bd7 12. exd4 Bd6 13. Qh5 Qa5 14. Qxa5 Nxa5 15. c5 Bf4+ 16. Kb1 Nc6 17. d5 Nd8 18. Bc4 O-O 19. g3 Bb8 20. Ne4 Kg7 21. dxe6 Bxe6 22. Bxe6 Nxe6 23. Nh4 Re8 24. Rd7 Bc7 25. Nf5+ Kg6 26. Ne7+ Kg7 27. Nd6 Red8 28. Nef5+ Kg6 29. Nh4+ Kh5 30. Rxf7 Bxd6 31. cxd6 Rxd6 32. Rxf6 Rf8 33. Rxf8 Nxf8 34. h3 Nd7 35. Re1 Kg5 36. Re7 Kf6 37. Rh7 Ke5 38. f4+ Ke4 39. Re7+ Kd3 40. Nf5 Rd5 41. Nxh6 Nc5 42. Ng4 Kd2 43. Re5 Rxe5 44. Nxe5 Ke3 45. h4  1-0

[Event "Copenhagen Chess Challenge 2018"]
[Site "Ballerup"]
[Date "2018.04.25"]
[Round "1"]
[White "Genov, Petar"]
[Black "Petersen, Flemming Petri"]
[Result "1-0"]
[WhiteElo "2435"]
[BlackElo "2078"]
[EventDate "2018.04.25"]
[EventRounds "9"]
[EventCountry "Danmark"]
[WhiteFideId "2900211"]
[BlackFideId "1402617"]

1. b3 e5 2. Bb2 Nc6 3. e3 Nf6 4. Bb5 d6 5. Bxc6+ bxc6 6. d3 Be7 7. Nf3 O-O 8. Nbd2 Nd7 9. g4 Nc5 10. Rg1 f6 11. Qe2 a5 12. a4 d5 13. g5 e4 14. dxe4 Ba6 15. Qd1 dxe4 16. Nd4 Qd5 17. gxf6 Bxf6 18. Qg4 Rad8 19. O-O-O Bc8 20. Qg2 Ba6 21. Nxc6 Nd3+ 22. cxd3 Qxc6+ 23. Nc4 Bxb2+ 24. Kxb2 Qf6+ 25. d4 Bxc4 26. bxc4 Qxf2+ 27. Qxf2 Rxf2+ 28. Kc3 Rxh2 29. d5 Ra2 30. Ra1 Rh2 31. Rg4 Re8 32. Rb1 h5 33. Rg5 Kf7 34. Rf1+ Kg8 35. Kd4 Ra2 36. Rxh5 Rxa4 37. Rh4 c5+ 38. dxc6 Ra2 39. Rf5 Rd2+ 40. Kc5 a4 41. Rd5 Rf2 42. c7 Rf7 43. Kc6 Rff8 44. Rf4 a3 45. Rxf8+ Rxf8 46. Rd8 a2 47. Rxf8+ Kh7 48. Ra8  1-0

[Event "Copenhagen Chess Challenge 2018"]
[Site "Ballerup"]
[Date "2018.04.25"]
[Round "1"]
[White "Dalsberg, Sandra de Blecourt"]
[Black "Brynell, Stellan"]
[Result "0-1"]
[WhiteElo "2075"]
[BlackElo "2420"]
[EventDate "2018.04.25"]
[EventRounds "9"]
[EventCountry "Danmark"]
[WhiteFideId "1004948"]
[BlackFideId "1700219"]

1. d4 e6 2. c4 Nf6 3. Nc3 Bb4 4. Qc2 c5 5. dxc5 Na6 6. a3 Bxc3+ 7. Qxc3 Nxc5 8. e3 O-O 9. b4 Nce4 10. Qc2 d5 11. Bd3 a5 12. Bb2 b6 13. cxd5 exd5 14. Nf3 Qd6 15. O-O Bg4 16. Bxf6 Nxf6 17. Nd4 axb4 18. axb4 Rxa1 19. Rxa1 Qxb4 20. Rb1 Qd6 21. Qc6 Qa3 22. Rb3 Qa5 23. Qxb6 Qe1+ 24. Bf1 Ne4 25. Rb2 Rc8 26. Nc6 Kh8 27. f3 Bxf3 28. gxf3 Ng5 29. Kg2 Nxf3 30. Kxf3 Qxf1+ 31. Rf2 Qd3 32. Kg2 Qg6+ 33. Kf1 Qxc6 34. Qxc6 Rxc6 35. Rxf7 Rf6+ 36. Rxf6 gxf6 37. Ke2 Kg7 38. Kf3 Kf7 39. Kg4 Ke6 40. Kf4 f5 41. Kg3 Kf7 42. Kf3 Kg6 43. Kf4 Kf6 44. Kg3 Ke5  0-1

[Event "Copenhagen Chess Challenge 2018"]
[Site "Ballerup"]
[Date "2018.04.25"]
[Round "1"]
[White "Percivaldi, Martin"]
[Black "Adinolfi, Vincenzo"]
[Result "1/2-1/2"]
[WhiteElo "2398"]
[BlackElo "2053"]
[EventDate "2018.04.25"]
[EventRounds "9"]
[EventCountry "Danmark"]
[WhiteFideId "1508148"]
[BlackFideId "805556"]

1. d4 Nf6 2. c4 e6 3. g3 c5 4. Nf3 cxd4 5. Nxd4 Be7 6. Bg2 O-O 7. Nc3 d5 8. cxd5 Nxd5 9. Nxd5 exd5 10. O-O Nc6 11. Be3 Bf6 12. Nxc6 bxc6 13. Bd4 Ba6 14. Re1 Bxd4 15. Qxd4 Qb6 16. Qd2 Rab8 17. b3 d4 18. Rac1 c5 19. Rc2 Rfe8 20. Bd5 Re5 21. e4 dxe3 22. Rxe3 Rbe8 23. Rcc3 g6 24. Rxe5 Rxe5 25. Re3 Rxe3 26. Qxe3 Kg7 27. h4 Qd6 28. Qc3+ f6 29. Bg2 Bb5 30. Qf3 Qe7 31. Kh2 Be8 32. Qc3 Bf7 33. Bf3 Qd6 34. Kg2 Kf8 35. Kg1 Kg7 36. Qa5 Qb6 37. Qd2 Qc7 38. Qc3 Qd6 39. Qe3 Qc7 40. Be2 Qb6 41. Bd3 Qd6 42. Qe4 Bd5 43. Qe2 Qe6 44. Qxe6 Bxe6 45. Kf1 Kf8 46. Ke2 Ke7 47. Kd2 Kd6 48. Kc3 Bf7 49. h5 Ke5 50. f4+ Kd6 51. h6 f5 52. Bb5 Kc7 53. Be2 Be6 54. a3 Kd6 55. b4 cxb4+ 56. axb4 Kc6 57. Kd4 Kd6 58. Bb5 Bf7 59. Bc4 Bxc4 60. Kxc4 Kc6 61. Kd4 Kb5 62. Ke5 Kxb4 63. Kf6 a5 64. Kg7 a4 65. Kxh7 a3 66. Kg8 a2 67. h7 a1=Q 68. h8=Q Qa8+ 69. Kg7 Qa1+ 70. Kh7 Qh1+ 71. Kg8 Qa8+ 72. Kg7  1/2-1/2

[Event "Copenhagen Chess Challenge 2018"]
[Site "Ballerup"]
[Date "2018.04.25"]
[Round "1"]
[White "Stray, Gunnar"]
[Black "Bjerre, Jonas Buhl"]
[Result "0-1"]
[WhiteElo "2042"]
[BlackElo "2378"]
[EventDate "2018.04.25"]
[EventRounds "9"]
[EventCountry "Danmark"]
[WhiteFideId "1501631"]
[BlackFideId "1444948"]

1. d4 Nf6 2. Nf3 g6 3. g3 Bg7 4. Bg2 c5 5. c3 Na6 6. O-O O-O 7. Re1 d5 8. Nbd2 Bf5 9. Nh4 Bg4 10. h3 Be6 11. Nb3 Ne4 12. Be3 Rc8 13. Nf3 cxd4 14. Nfxd4 Bd7 15. Nf3 e6 16. Nfd2 Nd6 17. Rf1 Nf5 18. Bd4 e5 19. Bxa7 b6 20. Bxd5 Qc7 21. g4 Ne7 22. Bxb6 Qxb6 23. Nc4 Qc7 24. Nd6 Rcd8 25. Nxf7 Rxf7 26. Bxf7+ Kxf7 27. Qd3 Bc8 28. Qg3 Kg8 29. Rad1 Bb7 30. Rd3 Rxd3 31. Qxd3 h6 32. e4 Kh7 33. Rd1 Qc6 34. f3 Qf6 35. Kg2 g5 36. Qd6 Qf7 37. Na5 Ng6 38. Qd7 Nh4+ 39. Kh2 Qf4+  0-1

[Event "Copenhagen Chess Challenge 2018"]
[Site "Ballerup"]
[Date "2018.04.25"]
[Round "1"]
[White "Hoi, Carsten"]
[Black "Sorensen, Per Settergren"]
[Result "1-0"]
[WhiteElo "2374"]
[BlackElo "2034"]
[EventDate "2018.04.25"]
[EventRounds "9"]
[EventCountry "Danmark"]
[WhiteFideId "1400100"]
[BlackFideId "1413872"]

1. d4 Nf6 2. Nf3 e6 3. e3 c5 4. Bd3 d5 5. b3 Nc6 6. O-O Bd6 7. Bb2 O-O 8. Nbd2 b6 9. a3 Bb7 10. Ne5 Qc7 11. f4 Ne7 12. c4 Nf5 13. Qe2 Ne4 14. Rac1 f6 15. cxd5 exd5 16. Nxe4 dxe4 17. Bc4+ Kh8 18. Be6 Nh6 19. dxc5 bxc5 20. Nc4 Be7 21. Rfd1 Rad8 22. Bc3 Qc6 23. Bh3 Qb5 24. Qc2 Bd5 25. a4 Qb7 26. Na5 Qa8 27. Rd2 Rd6 28. Rcd1 Rfd8 29. b4 Rb6 30. bxc5 Bxc5 31. Bd4 Bxd4 32. Rxd4 Rbd6 33. Nc4 Qc6 34. Qd2 Qxc4 35. Rxc4 Bxc4 36. Qxd6 Rxd6 37. Rxd6 g6 38. Rc6 Bb3 39. Rc8+ Kg7 40. Rc7+ Nf7 41. Rxa7 f5 42. g4 fxg4 43. Bxg4 Kf6 44. a5 h5 45. Be2 Nd6 46. Rc7 Bd5 47. a6 Ne8 48. Rc5 Ke6 49. Bc4  1-0

[Event "Copenhagen Chess Challenge 2018"]
[Site "Ballerup"]
[Date "2018.04.25"]
[Round "1"]
[White "Pakmor, Claus"]
[Black "Strange, Mikkel"]
[Result "0-1"]
[WhiteElo "2010"]
[BlackElo "2363"]
[EventDate "2018.04.25"]
[EventRounds "9"]
[EventCountry "Danmark"]
[WhiteFideId "1431609"]
[BlackFideId "1402765"]

1. e4 e5 2. Nf3 Nc6 3. Bb5 f5 4. Bxc6 bxc6 5. Nxe5 Qe7 6. d4 d6 7. Nxc6 Qxe4+ 8. Qe2 Qxe2+ 9. Kxe2 Bb7 10. d5 Kd7 11. f3 g6 12. c4 Bxc6 13. dxc6+ Kxc6 14. Nc3 Bg7 15. Kd3 Nf6 16. Re1 Nd7 17. b3 Rhe8 18. Be3 Nc5+ 19. Kc2 a5 20. Rad1 Na6 21. a3 Nc5 22. Bf2 Rab8 23. Rxe8 Rxe8 24. Re1 Ne6 25. Nb5 Kd7 26. Rd1 Nf4 27. g3 Ne6 28. c5 Ng5 29. cxd6 c6 30. Nd4 Nh3 31. Be1 Bxd4 32. Bxa5 Bc5  0-1

[Event "Copenhagen Chess Challenge 2018"]
[Site "Ballerup"]
[Date "2018.04.25"]
[Round "1"]
[White "Fries Nielsen, Jens Ove"]
[Black "Thybo, Thomas Sondergaard"]
[Result "1-0"]
[WhiteElo "2358"]
[BlackElo "2004"]
[EventDate "2018.04.25"]
[EventRounds "9"]
[EventCountry "Danmark"]
[WhiteFideId "1400142"]
[BlackFideId "1441299"]

1. e4 c6 2. d3 d5 3. Qe2 g6 4. Nf3 Bg7 5. h3 Nf6 6. e5 Nfd7 7. h4 h6 8. e6 fxe6 9. d4 c5 10. Qd3 cxd4 11. Qxg6+ Kf8 12. c3 Qa5 13. Rh3 Nc6 14. Rg3 Bf6 15. Bxh6+  1-0

[Event "Copenhagen Chess Challenge 2018"]
[Site "Ballerup"]
[Date "2018.04.25"]
[Round "1"]
[White "Harstad, Christian"]
[Black "Haubro, Martin"]
[Result "0-1"]
[WhiteElo "2000"]
[BlackElo "2358"]
[EventDate "2018.04.25"]
[EventRounds "9"]
[EventCountry "Danmark"]
[WhiteFideId "1504045"]
[BlackFideId "1414291"]

1. d4 Nf6 2. Nf3 c5 3. d5 b5 4. c4 bxc4 5. Nc3 d6 6. e4 Nbd7 7. Bxc4 g6 8. h3 Bg7 9. O-O Rb8 10. Re1 O-O 11. Rb1 Ng4 12. Bf4 Nge5 13. Be2 Nxf3+ 14. Bxf3 Rxb2 15. Rxb2 Bxc3 16. Rb3 Bxe1 17. Qxe1 f6 18. Be2 Qc7 19. Bh6 Re8 20. f4 c4 21. Rc3 Ba6 22. Bg4 Nc5 23. f5 Kf7 24. Qh4 Rh8 25. Be3 h5 26. fxg6+ Kg7 27. Bf5 Qa5 28. Qe1 Na4 29. Rc1 Qxe1+ 30. Rxe1 Rb8 31. g4 hxg4 32. h4 Rh8 33. Bxa7 Rxh4 34. Bd4 c3 35. Bd7 Nc5 36. Bxc5 dxc5 37. Rc1 Bd3 38. Rxc3 Bxe4 39. Rxc5 g3  0-1

[Event "Copenhagen Chess Challenge 2018"]
[Site "Ballerup"]
[Date "2018.04.25"]
[Round "1"]
[White "Sylvan, Jacob"]
[Black "Stampe, Roger"]
[Result "1-0"]
[WhiteElo "2341"]
[BlackElo "1992"]
[EventDate "2018.04.25"]
[EventRounds "9"]
[EventCountry "Danmark"]
[WhiteFideId "1402137"]
[BlackFideId "1512102"]

1. e4 Nf6 2. e5 Nd5 3. d4 d6 4. Nf3 dxe5 5. Nxe5 c6 6. Be2 Nd7 7. Nf3 N7f6 8. O-O Bg4 9. h3 Bh5 10. c4 Nb6 11. Nbd2 e6 12. a4 a5 13. c5 Nbd5 14. Nc4 b6 15. g4 Bg6 16. Nfe5 bxc5 17. Nxc6 Qc7 18. N4e5 Bd6 19. g5 Ne4 20. Bb5 O-O 21. Nxg6 Bh2+ 22. Kh1 fxg6 23. Qe2 Rf4 24. Bxf4 Qxf4 25. Rae1 Nxg5 26. Qg4 Rf8 27. Qxf4 Bxf4 28. dxc5 Bc7 29. Nd4 Rf4 30. Nxe6 Nxe6 31. Rxe6 Rh4 32. Rd1 Rxh3+ 33. Kg1 Bh2+ 34. Kf1 Nf4 35. Re3 Rxe3 36. fxe3 Nh5 37. Rd7 Be5 38. c6  1-0

[Event "Copenhagen Chess Challenge 2018"]
[Site "Ballerup"]
[Date "2018.04.25"]
[Round "1"]
[White "Steenstrup, Svend"]
[Black "Berg, Klaus"]
[Result "1-0"]
[WhiteElo "1976"]
[BlackElo "2335"]
[EventDate "2018.04.25"]
[EventRounds "9"]
[EventCountry "Danmark"]
[WhiteFideId "1409182"]
[BlackFideId "1400053"]

1. d4 Nf6 2. c4 c5 3. d5 b5 4. Qc2 bxc4 5. e4 d6 6. Bxc4 g6 7. Bd2 Bg7 8. f4 O-O 9. Nf3 Nxe4 10. Qxe4 Bxb2 11. Bc3 Bxa1 12. Bxa1 Ba6 13. Nbd2 Bxc4 14. Qxc4 Qa5 15. O-O Nd7 16. Bc3 Qc7 17. f5 f6 18. Qg4 Rf7 19. fxg6 hxg6 20. Qxg6+ Rg7 21. Qf5 Nb6 22. Qe6+ Kh8 23. Nh4 Rag8 24. Rf5 Na4 25. Rh5+ Rh7 26. Qf7 Rxh5 27. Qxh5+ Kg7 28. Nf5+ Kf8 29. Qh6+ Ke8 30. Qh7 Nxc3 31. Qxg8+ Kd7 32. Qf7 Qd8 33. Qe6+ Kc7 34. Nc4  1-0

[Event "Copenhagen Chess Challenge 2018"]
[Site "Ballerup"]
[Date "2018.04.25"]
[Round "1"]
[White "Matthiesen, Martin"]
[Black "Vangsgaard, Freja"]
[Result "1/2-1/2"]
[WhiteElo "2330"]
[BlackElo "1970"]
[EventDate "2018.04.25"]
[EventRounds "9"]
[EventCountry "Danmark"]
[WhiteFideId "1404067"]
[BlackFideId "1436589"]

1. d4 Nf6 2. c4 e6 3. Nc3 Bb4 4. Qc2 O-O 5. a3 Be7 6. e4 d6 7. Nf3 c5 8. dxc5 dxc5 9. e5 Nfd7 10. Bd3 h6 11. Qe2 Nc6 12. Qe4 f5 13. exf6 Nxf6 14. Qg6 Qe8 15. O-O Qxg6 16. Bxg6 Na5 17. Bd3 Rd8 18. Rd1 b6 19. Bf4 Bb7 20. Ne5 Bd6 21. h3 Bxe5 22. Bxe5 Nc6 23. Bg3 Rd7 24. Bf1 Rad8 25. Rxd7 Rxd7 26. b4 cxb4 27. axb4 Nxb4 28. Rxa7 Bc6 29. Ra3 Ne4 30. Nxe4 Bxe4 31. Rb3 Rd1 32. Rxb4 Bd3 33. Rxb6 Rxf1+ 34. Kh2 Bxc4 35. Rb7 Re1 36. h4 h5 37. Re7 Bd3 38. Bf4 Bf5 39. Kg3 Re4 40. f3 Ra4 41. Be5 g6 42. Bf6 Kf8 43. Rc7 Ke8 44. Re7+ Kf8 45. Rc7 Ke8 46. Rb7 Rc4 47. Bh8 Ra4 48. Bg7 Rc4 49. Bf6 Ra4 50. Kf2 Rc4 51. Ke3 Ra4 52. Re7+ Kf8 53. Rd7 Ke8 54. Rd8+ Kf7 55. Bd4 Ke7 56. Rb8 Kd6 57. Rd8+  1/2-1/2

[Event "Copenhagen Chess Challenge 2018"]
[Site "Ballerup"]
[Date "2018.04.25"]
[Round "1"]
[White "Hansen, Rune"]
[Black "Kristensen, Kaare Hove"]
[Result "0-1"]
[WhiteElo "1967"]
[BlackElo "2313"]
[EventDate "2018.04.25"]
[EventRounds "9"]
[EventCountry "Danmark"]
[WhiteFideId "1500970"]
[BlackFideId "1400940"]

1. b3 e5 2. Bb2 d6 3. e3 f5 4. d4 e4 5. c4 Nf6 6. Nh3 Be6 7. Nf4 Bf7 8. Be2 Be7 9. g4 g5 10. Nh3 h6 11. Nd2 Qd7 12. d5 Rf8 13. Rg1 Na6 14. a3 fxg4 15. Bxg4 Nxg4 16. Qxg4 Qxg4 17. Rxg4 Nc5 18. Bd4 Nd3+ 19. Kf1 Bg6 20. Rg2 Bf5 21. Ng1 h5 22. Ke2 g4 23. Rf1 Bh4 24. Kd1 Bh7 25. Ne2 Nxf2+ 26. Kc2 Kd7 27. Nf4 Nd3 28. Nxh5 Rxf1 29. Nxf1 Ne1+ 30. Kd2 Nxg2 31. Bf6 Rf8 32. Bxh4 Nxh4 33. Nf4 Ng6  0-1

[Event "Copenhagen Chess Challenge 2018"]
[Site "Ballerup"]
[Date "2018.04.25"]
[Round "1"]
[White "Rostgaard, Tobias Valentin"]
[Black "Andersen, Kim Nyvang"]
[Result "0-1"]
[WhiteElo "2311"]
[BlackElo "1962"]
[EventDate "2018.04.25"]
[EventRounds "9"]
[EventCountry "Danmark"]
[WhiteFideId "1408801"]
[BlackFideId "1415743"]

1. e4 c5 2. Nf3 Nc6 3. Bb5 e6 4. O-O Nge7 5. Re1 a6 6. Bf1 g6 7. d4 cxd4 8. c3 Bg7 9. cxd4 d6 10. d5 exd5 11. exd5 Ne5 12. Nd4 O-O 13. Bg5 f6 14. Bc1 Re8 15. Ne6 Bxe6 16. dxe6 Kh8 17. f4 N5c6 18. h4 Nf5 19. h5 Qb6+ 20. Kh2 Qf2 21. Nc3 Ncd4 22. Bd2 Nh4 23. Re3 Rxe6 24. Rg3 Bh6 25. Nd5 Nhf5 26. Rh3 Rae8 27. hxg6 Ne2 28. Bxe2 Rxe2 29. Qf1 Rxd2 30. Qxf2 Rxf2 31. Kg1 Ree2 32. g4 Rg2+ 33. Kf1 Ref2+ 34. Ke1 Nd4 35. Ne3 Re2+ 36. Kf1 Rgf2+ 37. Kg1 Nf3+ 38. Rxf3 Rxf3 39. Nf5 Bxf4 40. g7+ Kg8 41. Rd1 Be3+  0-1

[Event "Copenhagen Chess Challenge 2018"]
[Site "Ballerup"]
[Date "2018.04.25"]
[Round "1"]
[White "Kvaloy, Aksel Bu"]
[Black "Boe Olsen, Filip"]
[Result "0-1"]
[WhiteElo "1958"]
[BlackElo "2309"]
[EventDate "2018.04.25"]
[EventRounds "9"]
[EventCountry "Danmark"]
[WhiteFideId "1528815"]
[BlackFideId "1440640"]

1. e4 c6 2. d4 d5 3. exd5 cxd5 4. Bd3 Nf6 5. c3 Bg4 6. Qb3 Qc8 7. Bf4 Nc6 8. Nd2 e6 9. Ngf3 Be7 10. O-O O-O 11. Rae1 Bh5 12. Ne5 Bd6 13. Qa4 Qc7 14. Bg3 Ne7 15. c4 b6 16. Rc1 Qb7 17. c5 bxc5 18. dxc5 Bc7 19. Ba6 Qxb2 20. Rc2 Qb8 21. Rb1 Qe8 22. c6 Nf5 23. Rb7 Qd8 24. Nd7 Nxg3 25. hxg3 Nxd7 26. cxd7 Bb6 27. Qb4 Bg6 28. Rc6 Ba5 29. Qb2 h5 30. Nb3 Bb6 31. Qa3 Qf6 32. Nc5 Rad8 33. Qb4 Qa1+ 34. Kh2 Qxa2 35. f3 Qf2 36. Qc3 d4 37. Qb3 d3 38. Rcxb6 h4 39. Rd6 Qxg3+ 40. Kh1 Qxd6 41. Bxd3 Qxc5 42. Bxg6 Qc1+ 43. Kh2 Qf4+ 44. Kh1 fxg6 45. Qxe6+ Qf7  0-1

[Event "Copenhagen Chess Challenge 2018"]
[Site "Ballerup"]
[Date "2018.04.25"]
[Round "1"]
[White "Mikalsen, Erlend"]
[Black "Vangsgaard, Bjarke"]
[Result "1-0"]
[WhiteElo "2307"]
[BlackElo "1940"]
[EventDate "2018.04.25"]
[EventRounds "9"]
[EventCountry "Danmark"]
[WhiteFideId "1507338"]
[BlackFideId "1436570"]

1. e4 c6 2. d4 d5 3. Nc3 dxe4 4. Nxe4 Bf5 5. Ng3 Bg6 6. h4 h6 7. Nf3 Nd7 8. h5 Bh7 9. Bd3 Bxd3 10. Qxd3 e6 11. Bd2 Ngf6 12. O-O-O Be7 13. Kb1 O-O 14. Ne4 Nxe4 15. Qxe4 Nf6 16. Qe2 Qd5 17. Ne5 Qe4 18. Qxe4 Nxe4 19. Be3 Rfd8 20. Nd3 Rd7 21. g4 Rad8 22. f3 Bg5 23. fxe4 Bxe3 24. c3 Rd6 25. Rhf1 b6 26. Ne5 f6 27. Nc4 Bg5 28. Nxd6 Rxd6 29. Rf3 c5 30. Kc2 c4 31. b3 b5 32. bxc4 bxc4 33. Rb1 Ra6 34. Rb8+ Kf7 35. Rb7+ Kf8 36. Kb2 Bd2 37. Rf1 Ra5 38. Rd1 Bf4 39. d5 Ra6 40. dxe6 Ke8 41. Rdd7 Rxe6 42. Rxg7 Kf8 43. Rbf7+ Ke8 44. Rxa7 Kf8 45. Rgf7+ Ke8 46. Rh7  1-0

[Event "Copenhagen Chess Challenge 2018"]
[Site "Ballerup"]
[Date "2018.04.25"]
[Round "1"]
[White "Vangsgaard, Claus"]
[Black "Boe, Mads"]
[Result "0-1"]
[WhiteElo "1938"]
[BlackElo "2301"]
[EventDate "2018.04.25"]
[EventRounds "9"]
[EventCountry "Danmark"]
[WhiteFideId "1417320"]
[BlackFideId "1401408"]

1. e4 c6 2. Nc3 d5 3. Nf3 Bg4 4. h3 Bxf3 5. Qxf3 e6 6. d3 Nf6 7. Bd2 Nbd7 8. g4 Bd6 9. g5 Ng8 10. exd5 cxd5 11. d4 a6 12. Nxd5 exd5 13. Qxd5 Qc7 14. Bg2 Rb8 15. O-O Ne7 16. Rfe1 O-O 17. Qb3 b5 18. Re4 Rfc8 19. c3 Nb6 20. Rae1 Nc4 21. Bc1 Qd7 22. Qd1 Ng6 23. Qf3 Bc7 24. h4 Re8 25. Bh3 Rxe4 26. Rxe4 Qd8 27. h5 Nf8 28. g6 hxg6 29. hxg6 Nxg6 30. Bf5 Qf6 31. Qh5 Nd6 32. Re5 Nxf5 33. Rxf5 Qe6 34. Be3 Qxa2 35. Rf3 Qb1+ 36. Kg2 Qe4 37. Kf1 Re8 38. Rh3 Bf4 39. Qh7+ Kf8 40. Bxf4 Qe1+  0-1

[Event "Copenhagen Chess Challenge 2018"]
[Site "Ballerup"]
[Date "2018.04.25"]
[Round "1"]
[White "Hobber, Anders"]
[Black "Liu, Casper Yukun"]
[Result "1-0"]
[WhiteElo "2268"]
[BlackElo "1898"]
[EventDate "2018.04.25"]
[EventRounds "9"]
[EventCountry "Danmark"]
[WhiteFideId "1505424"]
[BlackFideId "1454153"]

1. d4 Nf6 2. Bf4 c5 3. d5 d6 4. Nc3 Bf5 5. f3 Qb6 6. e4 Bg6 7. Qd2 Nbd7 8. Nh3 a6 9. Be2 Rb8 10. Rb1 e5 11. dxe6 fxe6 12. Ng5 Bf7 13. Bc4 Be7 14. Bxe6 Bxe6 15. Nxe6 Kf7 16. Ng5+ Kg8 17. Nd5 Qd8 18. Nxe7+ Qxe7 19. Bxd6 Qd8 20. Bxb8 Qxb8 21. O-O Ne5 22. Rbd1 h6 23. Qd8+  1-0

[Event "Copenhagen Chess Challenge 2018"]
[Site "Ballerup"]
[Date "2018.04.25"]
[Round "1"]
[White "Andersen, Daniel"]
[Black "Haugli, Petter"]
[Result "0-1"]
[WhiteElo "1810"]
[BlackElo "2250"]
[EventDate "2018.04.25"]
[EventRounds "9"]
[EventCountry "Danmark"]
[WhiteFideId "1402714"]
[BlackFideId "1500104"]

1. c4 Nf6 2. Nc3 g6 3. e4 d6 4. d4 Bg7 5. f3 O-O 6. Be3 Nc6 7. Qd2 a6 8. h4 h5 9. O-O-O Rb8 10. Nh3 e5 11. d5 Nd4 12. Ne2 Bxh3 13. Rxh3 c5 14. dxc6 Nxc6 15. Nc3 Qa5 16. Kb1 Rfd8 17. Be2 Nd4 18. g4 b5 19. Nd5 Qxd2 20. Nxf6+ Bxf6 21. Rxd2 Nxe2 22. Rxe2 hxg4 23. fxg4 bxc4 24. Bg5 Bxg5 25. hxg5 Rbc8 26. Rc3 d5 27. exd5 Rxd5 28. b3 Rd4 29. Rxe5 Rxg4 30. Ra5 Rb8 31. Rxa6 cxb3 32. Rxb3 Rxb3+ 33. axb3 Rxg5 34. Kb2 f5 35. b4 Kf7 36. b5 f4 37. b6 f3 38. Kc3 f2 39. b7 f1=Q  0-1

[Event "Copenhagen Chess Challenge 2018"]
[Site "Ballerup"]
[Date "2018.04.25"]
[Round "1"]
[White "Pajeken, Wolfgang"]
[Black "Larsen, Preben R."]
[Result "1-0"]
[WhiteElo "2243"]
[BlackElo "1796"]
[EventDate "2018.04.25"]
[EventRounds "9"]
[EventCountry "Danmark"]
[WhiteFideId "4622170"]
[BlackFideId "1425790"]

1. d4 Nf6 2. c4 e6 3. Nc3 Bb4 4. Nf3 d5 5. cxd5 Nxd5 6. Bd2 O-O 7. e4 Nxc3 8. bxc3 Ba3 9. Bd3 b6 10. O-O Bb7 11. Re1 Be7 12. Qe2 Nd7 13. Rad1 c5 14. d5 exd5 15. exd5 Bf6 16. Qe4 g6 17. c4 Re8 18. Qf4 Qb8 19. Rxe8+ Qxe8 20. h4 Qf8 21. h5 a6 22. a4 Re8 23. Qc7 Bc8 24. a5 bxa5 25. Qxa5 Qd6 26. hxg6 hxg6 27. Ng5 Qb6 28. Qa4 Bd4 29. Nf3 Bg7 30. Be3 Kf8 31. Qc6 Qxc6 32. dxc6 Ne5 33. Bxc5+ Kg8 34. Nxe5 Bxe5 35. Be4 Kg7 36. Bd5 Kf6 37. Rd3 Kg7 38. Re3 g5 39. Kf1 f6 40. Bd6 a5 41. c7 Bd7 42. Bxe5 fxe5 43. Ra3 Rc8 44. Rxa5 Rxc7 45. Ra6 Bf5 46. Ke2 Rc5 47. Kd2 Rc7 48. Kc3 Bd7 49. Rb6 Bc8 50. Kb4 Ra7 51. c5 Ra1 52. Be4 Ra2 53. Rg6+ Kf8 54. Bd5 Rxf2 55. Rg8+ Ke7 56. Rxc8 e4 57. Rc7+ Kd8 58. Rg7 Rxg2 59. c6  1-0